| 000 | 00764cam a2200265 4500 | ||
|---|---|---|---|
| 001 | M1117 | ||
| 008 | 090401t1992 xxu||||| |||| 00| 0 eng d | ||
| 035 | _a(Sirsi) u29893 | ||
| 041 | _aeng | ||
| 050 | _a333.007 | ||
| 110 |
_aCommonwealth Association of Surveying and Land Economy _92570 |
||
| 245 | 4 | _aThe CASLE guide to courses available in surveying and land economy. | |
| 260 |
_aLondon _bCASLE _c1992 |
||
| 300 | _aiv,221p. ; 30cm. | ||
| 350 | _a0 | ||
| 650 | _aCASLE | ||
| 650 | _aCOMMONWEALTH | ||
| 650 | _aDIRECTORIES | ||
| 650 | _aCAREERS, EDUCATION AND TRAINING | ||
| 650 | _aSURVEYING | ||
| 650 | _aCAREERS, EDUCATION AND TRAINING | ||
| 690 | _aMANAGEMENT-BUSINESS MANAGEMENT-PROFESSIONAL PRACTICE | ||
| 942 | _n0 | ||
| 948 | _c04/03/1997 | ||
| 999 |
_c89465 _d89465 |
||